| 000 | 01076nam a22002417a 4500 | ||
|---|---|---|---|
| 008 | 250415e20250411xxk|||||o|||| 00| 0 eng d | ||
| 041 | _aeng | ||
| 110 | _aRoyal Institution of Chartered Surveyors | ||
| 245 |
_aRICS Practice Alert - Real Estate Auction Sales _h[Email update] |
||
| 260 |
_aLondon, _bRoyal Institution of Chartered Surveyors, _c12 April 2025 |
||
| 300 | _aemail | ||
| 490 | _aRICS Practice Alert | ||
| 520 | _aThis Alert acts as a reminder to RICS Members of their regulatory obligations when engaging in real estate auction services under the provisions of RICS’ Auctioneers selling real estate, professional standard. | ||
| 650 | _aAUCTIONS | ||
| 650 | _aAUCTIONEERS | ||
| 650 | _aFRAUD ACT 2006 | ||
| 650 | _aSALE OF LAND ACT 1867 | ||
| 651 | _aInternational | ||
| 690 |
_aAuctioneering _96218 |
||
| 710 | _aRoyal Institution of Chartered Surveyors | ||
| 856 |
_uhttps://www.rics.org/content/dam/ricsglobal/documents/regulation/RICS-Practice-Alert-Real-Estate-Auction-Sales-April-2025-V3.pdf _zView the online Practice Update |
||
| 942 | _n0 | ||
| 999 |
_c122141 _d122141 |
||